| 000 | 03734nam a2200409 a 4500 | ||
|---|---|---|---|
| 001 | Z_6274 | ||
| 003 | CHAP | ||
| 005 | 20251113125321.0 | ||
| 007 | ta | ||
| 008 | 220113s2007 txubdo fr 000 0 spa d | ||
| 010 | _a168937 | ||
| 020 |
_a978-1-58544-611-7 _q(rústica : papel alcalino) |
||
| 040 |
_aZ _cCHAP _erda |
||
| 041 | 1 |
_bEspañol _fEspañol _hInglés |
|
| 082 | 0 | 0 |
_a599.7357 _bF85 2007 _220 |
| 100 | 1 |
_aFulbright, Timothy Edward _9143213 _eautor |
|
| 245 | 1 | 0 |
_aEcología y manejo de venado cola blanca / _cTimothy Edward Fulbright y J. Alfonso Ortega-S. ; traducción J. Alfonso Ortega-S. |
| 264 | 1 |
_aTexas : _bTexas A&M University Press, _c2007 |
|
| 300 |
_aix, 265 páginas : _bmapas, gráficas, fotografías, tablas |
||
| 440 |
_aPerspectives on south Texas _9143214 |
||
| 490 | 1 | _aPerspectives on south Texas (Texas A&M University-Kingsville) | |
| 500 | _aej.1 - ej.2 : Donado por Ph.D. Baldomero Alarcón Zuñiga y la Generación 2009 - 2013 | ||
| 504 | _aBibliografía: páginas 231 - 258 | ||
| 505 | _aPrefacio -- 1. Requerimientos de hábitat para el venado cola blanca -- 2. Nutrición del venado cola blanca -- 3. Principios ecológicos fundamentales en el manejo del hábitat -- 4. Estimación de la capacidad de carga -- 5. El ganado doméstico y el hábitat de venado cola blanca -- 6. El arado: bancos de proteína -- 7. El hacha, el arado, y el fuego: manejo la cosecha -- Apéndice 1. Nombres comunes y científicos de plantas y animales -- Apéndice 2. Equivalencias del Sistema Métrico decimal Ingles -- Apéndice 3. Determinación del tamaño adecuado de la muestra -- Apéndice 4. Resumen de recomendaciones para el establecimiento de forrajes seleccionados -- Bibliografía -- Índice | ||
| 520 | 2 | _aLa mayor parte del siglo pasado, el manejo del agostadero se enfocó a manejar las tierras de pastizal para ganado domestico. La eficiencia con la que un productor podía producir pastos que el ganado consumía era la mejor forma de evaluar su éxito. Actualmente, los productores consideran la cacería deportiva y la observación de fauna como una fuente de ingresos; los agostaderos se consideran hoy en día como el hábitat de la fauna y se manejan tanto para animales domésticos como silvestres. El venado cola blanca y la codorniz mascarita se pueden considerar las dos especies cinegéticas de mayor importancia. A diferencia de otros libros sobre venado cola blanca enfocados a áreas donde la precipitación es relativamente alta y el medio ambiente relativamente estable, este libro considera un enfoque ecológico del manejo del venado cola blanca con las zonas semiáridad de Oklahoma, Texas, y el norte de México. En estas regiones se encuentra el hábitat meno productivo para venado cola blanca donde las sequías periódicas son una característica de los patrones climáticos de largo plazo. La originalidad y contribución final de este libro es el enfoque de una región ecológica sin considerara las fronteras políticas entre dos países. A diferencia de otros textos, esta obra considera que el proceso de toma de decisiones para el manejo adecuado del agostadero se basa en principios ecológicos. | |
| 534 |
_pTítulo original: _tWhite-tailed deer habitat: ecology and management on Rangelands |
||
| 650 | 1 | 3 |
_aVenados _9118663 |
| 650 | 1 | 3 |
_aConservación del hábitat _xEstados Unidos de América _9191470 |
| 650 | 1 | 3 |
_aConservación del hábitat _9191470 _zMéxico |
| 650 | 1 | 3 |
_aÁreas de conservación _9155377 |
| 700 | 1 |
_aOrtega S., J. Alfonso _9191443 _eautor _etraductor |
|
| 830 | 0 |
_aPerspectives on south Texas (Texas A&M University-Kingsville) _9143214 |
|
| 901 | _a599.735 7 F85 2007 | ||
| 902 | _aM | ||
| 910 | _a | ||
| 942 |
_cLIBRO _2ddc |
||
| 999 |
_c168937 _d168937 |
||